Detalles MARC
| 000 -LEADER |
| fixed length control field |
01840nam a2200265Ia 4500 |
| 003 - CONTROL NUMBER IDENTIFIER |
| control field |
OSt |
| 005 - DATE AND TIME OF LATEST TRANSACTION |
| control field |
20210917142642.0 |
| 008 - FIXED-LENGTH DATA ELEMENTS--GENERAL INFORMATION |
| fixed length control field |
130821s1993 ck gr spa |
| 020 ## - INTERNATIONAL STANDARD BOOK NUMBER |
| International Standard Book Number |
958616196X |
| 040 ## - CATALOGING SOURCE |
| Original cataloging agency |
Co-BoUCM |
| Language of cataloging |
spa |
| Transcribing agency |
CO-JMCR |
| 041 0# - LANGUAGE CODE |
| Language code of text/sound track or separate title |
spa |
| 082 04 - DEWEY DECIMAL CLASSIFICATION NUMBER |
| Classification number |
338.9861 / |
| Item number |
A696a |
| Edition number |
23 |
| 100 1# - MAIN ENTRY--PERSONAL NAME |
| Personal name |
Arias Jiménez, Enrique, |
| Relator term |
autor |
| 9 (RLIN) |
40625 |
| 245 10 - TITLE STATEMENT |
| Title |
Alternativas de privatización para el sector público Colombiano / |
| Statement of responsibility, etc. |
Enrique Arias Jiménez, Enrique Peñaloza Londoño, Juan Gabriel Uribe Vegalara, [y otros 7] |
| 260 ## - PUBLICATION, DISTRIBUTION, ETC. |
| Place of publication, distribution, etc. |
Bogotá (Colombia) : |
| Name of publisher, distributor, etc. |
Universidad Externado de Colombia, |
| Date of publication, distribution, etc. |
1993. |
| 300 ## - PHYSICAL DESCRIPTION |
| Extent |
182 páginas ; |
| Dimensions |
25 cm. |
| 505 0# - FORMATTED CONTENTS NOTE |
| Title |
Privatización en américa latina. / |
| Statement of responsibility |
Enrique Arias Jiménez. -- |
| Title |
Eficiencia, distribución del ingreso y privatización. / |
| Statement of responsibility |
Enrique Peñalosa Londoño. -- |
| Title |
Privatización y planeación. / |
| Statement of responsibility |
Juan Gabriel Uribe Vegalara. -- |
| Title |
Privatización en la constitución de 1991. / |
| Statement of responsibility |
Alexandra Baquero Neira. -- |
| Title |
Estrategias de estado para adelantar un proceso privatizador. / |
| Statement of responsibility |
Beatriz Helena Arbeláez Martínez. -- |
| Title |
Estado y sector privado participan conjuntamente en la prestación de servicios públicos. / |
| Statement of responsibility |
Juan Camilo Restrepo Salazar. -- |
| Title |
La privatización de bancos en Colombia. / |
| Statement of responsibility |
Santiago Madriñán de la Torre. -- |
| Title |
La privatización y el nuevo esquema ferroviario. / |
| Statement of responsibility |
Yesid Arocha Alarcón. -- |
| Title |
Privatización, apertura y descentralización. / |
| Statement of responsibility |
Jorge Gómez Ricardo. -- |
| Title |
Posición de anif sobre la reforma al sistema pensional. / |
| Statement of responsibility |
Javier Fernández Riva. -- |
| 650 14 - SUBJECT ADDED ENTRY--TOPICAL TERM |
| Topical term or geographic name entry element |
Apertura económica |
| Geographic subdivision |
Colombia |
| 9 (RLIN) |
9239 |
| 650 24 - SUBJECT ADDED ENTRY--TOPICAL TERM |
| Topical term or geographic name entry element |
Economía |
| 9 (RLIN) |
174 |
| 650 24 - SUBJECT ADDED ENTRY--TOPICAL TERM |
| Topical term or geographic name entry element |
Estado |
| 9 (RLIN) |
7594 |
| 650 24 - SUBJECT ADDED ENTRY--TOPICAL TERM |
| Topical term or geographic name entry element |
Privatización |
| Geographic subdivision |
América Latina |
| 9 (RLIN) |
22302 |
| 700 1# - ADDED ENTRY--PERSONAL NAME |
| Personal name |
Peñaloza Londoño, Enrique, |
| Relator term |
autor |
| 9 (RLIN) |
40626 |
| 700 1# - ADDED ENTRY--PERSONAL NAME |
| Personal name |
Uribe Vegalara, Juan Gabriel, |
| Relator term |
autor |
| 9 (RLIN) |
40627 |
| 942 ## - ADDED ENTRY ELEMENTS (KOHA) |
| Koha item type |
Books |
| Source of classification or shelving scheme |
Dewey Decimal Classification |